MARC

LEADER 00000naa0a2200000 4500
001 656040
005 20251031104102.0
035 |a (RuTPU)RU\TPU\network\22385 
090 |a 656040 
100 |a 20171019d2017 k||y0rusy50 ca 
101 0 |a rus 
102 |a RU 
135 |a drgn ---uucaa 
181 0 |a i  
182 0 |a b 
200 1 |a Расчет напряжений в сферическом микротопливе при высоких глубинах выгорания  |f В. В. Кнышев, С. В. Беденко, А. И. Зорькин 
203 |a Текст  |c электронный 
225 1 |a Физика. Атомная и ядерная физика 
300 |a Заглавие с экрана 
320 |a [Библиогр.: 12 назв.] 
463 1 |t Ломоносов-2017  |o материалы XXIV Международной молодежной научной конференции студентов, аспирантов и молодых ученых, 10-14 апреля, 2017 г., Москва  |f Московский государственный университет им. М. В. Ломоносова (МГУ)  |v [2 с.]  |d 2017 
610 1 |a электронный ресурс 
610 1 |a труды учёных ТПУ 
610 1 |a сферичность 
610 1 |a микротопливо 
610 1 |a выгорание 
700 1 |a Кнышев  |b В. В.  |c физик  |c инженер-исследователь Томского политехнического университета  |f 1993-  |g Владимир Владимирович  |3 (RuTPU)RU\TPU\pers\37039  |9 20054 
701 1 |a Беденко  |b С. В.  |c физик  |c доцент Томского политехнического университета, кандидант физико-математических наук  |f 1980-  |g Сергей Владимирович  |3 (RuTPU)RU\TPU\pers\25456  |9 11395 
701 1 |a Зорькин  |b А. И.  |g Андрей Игоревич 
712 0 2 |a Национальный исследовательский Томский политехнический университет (ТПУ)  |b Физико-технический институт (ФТИ)  |b Кафедра физико-энергетических установок (№ 21) (ФЭУ)  |3 (RuTPU)RU\TPU\col\18730 
801 2 |a RU  |b 63413507  |c 20171019  |g RCR 
856 4 |u https://lomonosov-msu.ru/archive/Lomonosov_2017/data/section_31_10984.htm 
942 |c CF